[Event "Candidates Tournament playoff rapid"]
[Site "Kazan"]
[Date "2011.05.09"]
[Round "1.7"]
[White "Kramnik, Vladimir"]
[Black "Radjabov, Teimour"]
[Result "1/2-1/2"]
[WhiteElo "2785"]
[BlackElo "2744"]
[Annotator "Marin,M"]
[PlyCount "50"]
[EventDate "2011.05.09"]
[EventType "k.o. (rapid)"]
[EventRounds "4"]
[EventCountry "RUS"]
[SourceTitle "CBM 143"]
[Source "ChessBase"]
[SourceDate "2011.07.15"]
[SourceVersion "1"]
[SourceVersionDate "2011.07.15"]
[SourceQuality "1"]

1. d4 d5 2. c4 e6 3. Nc3 Be7 4. Nf3 Nf6 5. Bg5 h6 6. Bh4 O-O 7. Rc1 Ne4 8. Bxe7
Qxe7 {An interesting psychological moment. Radjabov challenges his opponent
with his own weapon.} 9. g3 $5 {An unsuccessful attempt to deviate from the
familiar paths.} Nxc3 $146 {Black does not let himself be distracted from his
main plan, even if White has chosen a different way of developing his kingside.
} (9... Qb4 {Galojan,L (2324)-Gavasheli,A (2191)/Plovdiv 2008/CBM 123 Extra 
(1-0, 51)}) 10. Rxc3 c6 11. Bg2 Nd7 12. O-O dxc4 13. Rxc4 e5 14. Rc3 exd4 15.
Nxd4 Nb6 16. Qc2 Rd8 17. e3 Be6 18. a3 Bd5 $11 {During all this sequence,
Radjabov has just copied Kramnik's moves from the first game of the match,
with a similar result.} 19. b4 Bxg2 20. Kxg2 Nd5 21. Rc5 a6 22. Rc1 g6 23. Nf3
Re8 24. Rc4 Rad8 25. Rd4 Nc7 1/2-1/2

[Event "Bazna Kings 5th"]
[Site "Medias"]
[Date "2011.06.11"]
[Round "1"]
[White "Ivanchuk, Vassily"]
[Black "Radjabov, Teimour"]
[Result "1-0"]
[WhiteElo "2776"]
[BlackElo "2744"]
[Annotator "Rogozenco,D"]
[PlyCount "69"]
[EventDate "2011.06.11"]
[EventType "tourn"]
[EventRounds "10"]
[EventCountry "ROU"]
[EventCategory "21"]
[SourceTitle "CBM 143"]
[Source "ChessBase"]
[SourceDate "2011.07.15"]
[SourceVersion "1"]
[SourceVersionDate "2011.07.15"]
[SourceQuality "1"]

1. d4 Nf6 2. c4 g6 3. Nc3 Bg7 4. e4 d6 {Radjabov shows fighting spirit and
returns to his beloved King's Indian. Several weeks ago in Kazan he managed to
hold equality against Kramnik by employing the Queen's Gambit Declined.} 5. Be2
O-O 6. Bg5 Na6 7. f4 c6 8. Qd2 Nc7 9. Bf3 {A rare plan. Usually White develops
the knight on f3.} Ne6 10. Bh4 c5 11. dxc5 Nxc5 12. Rd1 Be6 13. b3 a5 14. Nge2
Qc7 $2 {An inexplicable mistake. The c7-square is bad for the queen due to the
knight moves to b5 and d5, and this is a very important factor in many
concrete variations.} 15. O-O {Now White already has a clear advantage.} a4 $2
{This leads to a strategically lost position. Probably the best Black could do
was to remove the queen from c7...} 16. f5 $1 gxf5 17. exf5 Bxf5 18. Bxf6 exf6
({Or} 18... Bxf6 19. Nd5 Qd8 20. Nxf6+ exf6 21. b4) 19. b4 Ne6 (19... Nd3 {
loses a piece after} 20. Bh5 Qb6+ 21. c5 dxc5 22. Nd5) 20. Nb5 Qb6+ 21. Kh1 {
[%csl Rd6,Rf6,Rg7] It is just a question of time before Black's position
collapses.} Ng5 22. Bxb7 Qxb7 23. Rxf5 Ne4 24. Qd3 Rfe8 25. Ned4 Rac8 26. Rf4
Bf8 27. Rdf1 Re5 28. a3 Kh8 29. Nf5 Rd8 30. Nc3 Nxc3 31. Qxc3 Rde8 32. Rg4 Qc8
33. Qg3 h5 34. Rg8+ Kh7 35. Rxf8 1-0

[Event "Bazna Kings 5th"]
[Site "Medias"]
[Date "2011.06.12"]
[Round "2"]
[White "Radjabov, Teimour"]
[Black "Karjakin, Sergey"]
[Result "1/2-1/2"]
[WhiteElo "2744"]
[BlackElo "2776"]
[Annotator "Rogozenco,D"]
[PlyCount "179"]
[EventDate "2011.06.11"]
[EventType "tourn"]
[EventRounds "10"]
[EventCountry "ROU"]
[EventCategory "21"]
[SourceTitle "CBM 143"]
[Source "ChessBase"]
[SourceDate "2011.07.15"]
[SourceVersion "1"]
[SourceVersionDate "2011.07.15"]
[SourceQuality "1"]

1. Nf3 Nf6 2. c4 c6 3. d4 d5 4. e3 {A quiet and safe variation against the
Slav. By choosing it White usually wants to play for a slight advantage with
as little risk of losing as possible.} Bf5 5. Nc3 e6 6. Nh4 Bg6 7. Be2 Nbd7 8.
O-O Bd6 9. g3 ({The immediate} 9. b3 {is bad in view of} Bxh2+ ({or the
immediate} 9... Ne4) 10. Kxh2 Ne4 11. Nxe4 Qxh4+ 12. Kg1 Bxe4) 9... Qe7 10. b3
Ne4 11. Bb2 ({It is not recommended to take on g6 before Black castles short:} 
11. Nxg6 hxg6 12. Bb2 Ndf6 {and Black will castle long, using the open h-file
for a direct attack against the white king.}) 11... Nxc3 12. Bxc3 Bb4 13. Bxb4
({White can't avoid the exchange of bishops:} 13. Bb2 Ba3) 13... Qxb4 14. c5
O-O 15. a3 Qa5 16. Nxg6 hxg6 17. b4 {[%cal Ge6e5,Gb4b5] White's space
advantage and the superiority of the bishop over the knight secure Radjabov a
comfortable small, but lasting advantage.} Qc7 (17... Qd8 {deserved attention
with the idea to meet} 18. f4 {with} (18. b5 e5) 18... g5 {but such decisions
are always difficult to make in a practical game, because there is no clear
answer to which pawn structure would be the best in a future play.}) 18. f4 {
Now that White has prevented ...e6-e5, he can slowly prepare the advance of
his b-pawn.} a6 19. Bd3 (19. g4 $5) 19... f5 {[%cal Gg3g4,Ga3a4,Gb4b5] Black's
position is unpleasant; he must always watch out for his opponent's active
plans on both sides. Until the end of the game Radjabov tried hard to achieve
progress, but Karjakin defended accurately and achieved the desired draw
rather convincingly.} 20. Qe2 ({Radjabov also considered} 20. g4 Nf6 21. g5 Ne4
{but decided to keep the pawn on g3.}) 20... Nf6 21. Kg2 Qe7 22. a4 Ne4 23. h4
Ra7 {This somewhat strange-looking preparation to double rooks on the a-file
is designed to be ready for White's b4-b5.} 24. Rh1 Nf6 25. Qb2 Rfa8 26. Be2 (
26. b5 axb5 27. axb5 Qd8 28. b6 Rxa1 29. Rxa1 Rb8 $1 {"is just a draw" -
Karjakin.}) 26... Qf8 (26... Qf7 {was somewhat more accurate, to rule out the
immediate 27.h5.}) 27. Qc2 (27. h5 {was an attractive alternative. After} Qf7 (
27... Nxh5 28. Bxh5 gxh5 29. Rxh5 Kf7 30. Rah1 {is rather difficult for Black.}
) 28. hxg6 Qxg6 29. Rh4 {Black keeps on struggling in an unpleasant position.})
27... Kf7 28. Rab1 Qe7 29. Rb3 Rh8 30. Bf3 Rha8 31. Qe2 Rh8 32. Rhb1 Ne4 33.
Qe1 Nf6 34. R1b2 Rha8 35. Qb1 Qd8 36. Ra2 Ng8 37. Qb2 Ne7 38. Be2 Qd7 39. Ra1
Ng8 40. Rba3 Ne7 41. Rh1 Ng8 42. Bd3 Nf6 43. Rha1 Ng8 44. Kf3 Ne7 45. Ke2 Ng8
46. b5 {Finally Radjabov advances the b-pawn.} axb5 47. axb5 Rxa3 48. Rxa3 Rxa3
49. Qxa3 cxb5 {Otherwise the advance of the pawn to b6 followed by Qa7 is very
unpleasant for Black.} 50. Qa5 Ne7 (50... Nf6 51. Bxb5 Qc8 {also holds the
position.}) 51. Bxb5 Nc6 52. Qa4 Qc8 {White is still better, of course, but he
cannot make much progress.} 53. Kd3 Ke7 54. Kc3 Kd8 55. Kb3 Kc7 56. Kb2 Kb8 57.
Kc3 Kc7 58. Kd2 Kd8 59. Kd3 Ke7 60. Ke2 Kf7 61. Ke1 Ke7 62. Kf2 Kf7 63. Be2 Qd8
64. Bb5 Qc8 65. Kf3 Ke7 66. Kg2 Kf7 67. Be2 Qd8 68. Qb5 Qc7 69. Bd3 Kf6 70. Kh3
Kf7 71. Qa4 Qc8 72. Be2 Kf6 73. Kh2 Kf7 74. Kg1 Kf6 75. Kf1 Kf7 76. Ke1 Ke7 77.
Kd2 Kd7 78. Qa1 Kc7 79. Bd3 Qd8 80. Bb5 Qc8 81. Kc3 Qb8 82. Qa4 Qc8 83. Bxc6
bxc6 84. Qa5+ Kd7 85. Qa7+ Qc7 86. Qa8 Qc8 87. Qxc8+ Kxc8 88. Kb4 Kb7 89. Ka5
Ka7 90. Kb4 {So far the longest game of this year's Kings Tournament.} 1/2-1/2

[Event "Bazna Kings 5th"]
[Site "Medias"]
[Date "2011.06.13"]
[Round "3"]
[White "Carlsen, Magnus"]
[Black "Radjabov, Teimour"]
[Result "1/2-1/2"]
[WhiteElo "2815"]
[BlackElo "2744"]
[Annotator "Rogozenco,D"]
[PlyCount "83"]
[EventDate "2011.06.11"]
[EventType "tourn"]
[EventRounds "10"]
[EventCountry "ROU"]
[EventCategory "21"]
[SourceTitle "CBM 143"]
[Source "ChessBase"]
[SourceDate "2011.07.15"]
[SourceVersion "1"]
[SourceVersionDate "2011.07.15"]
[SourceQuality "1"]

1. c4 e6 {After the first round loss in the King's Indian Radjabov decides the
change openings in favour of the solid Queen's Gambit Declined.} 2. Nc3 d5 3.
d4 Be7 4. Nf3 {Carlsen also changes the variation he used in the first round.}
({Against Nakamura Magnus played} 4. cxd5 exd5 5. Bf4) 4... Nf6 5. Bf4 O-O 6.
e3 Nbd7 7. a3 c5 8. cxd5 Nxd5 9. Nxd5 exd5 10. dxc5 Nxc5 11. Be5 Bf6 12. Bxf6 (
{One month ago Kramnik didn't achieve much against Radjabov either:} 12. Be2
Bxe5 13. Nxe5 Be6 14. Nf3 Qb6 15. Qd4 Rfc8 16. O-O Nb3 17. Qxb6 axb6 18. Rab1
Bf5 19. Rbd1 Rc2 20. Rxd5 Rxb2 21. Re1 Be6 22. Rb5 Rxa3 23. Rxb6 Raa2 24. Rxb7
g5 25. Bf1 h6 26. Nd4 Nxd4 27. Rxb2 Rxb2 28. exd4 {1/2-1/2 Kramnik,V (2788)
-Radjabov,T (2744)/Kazan 2011.}) 12... Qxf6 13. Qd4 Qe7 {Possibly this caught
Magnus a bit by surprise.} ({More often Black continues} 13... Qd6) 14. Qf4 Qe4
15. Qxe4 dxe4 16. Nd4 {White's dominating knight looks very strong, but Black
will quickly develop pieces and then either exchange White's knight, or drive
it away from d4. Radjabov shows that Black can achieve a draw without many
difficulties.} Be6 {A new move. Radjabov prepares to exchange knights via b3.}
(16... Bd7 17. Bc4 Rac8 {has been played before.}) 17. Be2 Rfd8 18. O-O Nb3 $1
19. Nxe6 fxe6 20. Rad1 Kf7 {White cannot exploit the isolated doubled pawns,
which means that the better pawn structure is not an important factor in the
evaluation of the position. What matters is that the knight on b3 is very
annoying for White, while the black king is more active.} 21. f4 $5 {An
interesting attempt to gain more space and change the pawn structure.} ({
The alternative was} 21. Rxd8 Rxd8 22. Rd1) 21... Kf6 22. Kf2 ({Radjabov was
concerned about} 22. g4 {but Black has sufficient counterplay after} Rac8 23.
g5+ Ke7 24. f5 Rxd1 25. Bxd1 Nd2) 22... Nd2 23. Rfe1 Rac8 24. Rc1 Nb3 25. Rc4
Rxc4 26. Bxc4 Nc5 27. Ke2 (27. b4 Nd3+) 27... b5 $5 28. Ba2 ({After} 28. Bxb5
Rb8 29. a4 a6 {it is rather White who must play precisely to achieve a draw.})
28... Nd3 {Black's domination forces White to play accurately to maintain the
balance.} 29. Rd1 (29. Rb1 Rc8 30. Kd2 Rd8 31. Ke2 {was a reasonable
alternative} ({but not} 31. Kc3 Rc8+ 32. Kd4 Nc1 $1 33. Ra1 Nxa2 34. Rxa2 Rc4#
{with a sudden mate})) 29... Rc8 30. Bb1 Nxb2 31. Rd7 Na4 32. Bxe4 ({Ater the
game both players established that after} 32. Kd2 a5 33. g4 Nc5 34. Ra7 b4 35.
axb4 axb4 36. g5+ Kg6 {Black has strong counterplay.}) 32... Nc5 33. Rd4 Nxe4
34. Rxe4 Rc2+ 35. Kf3 Ra2 36. Rb4 a6 37. Rb3 Ke7 38. Rd3 Rb2 39. h3 a5 40. g4
a4 41. Ke4 b4 42. Rd4 1/2-1/2

[Event "Bazna Kings 5th"]
[Site "Medias"]
[Date "2011.06.14"]
[Round "4"]
[White "Nisipeanu, Liviu Dieter"]
[Black "Radjabov, Teimour"]
[Result "1/2-1/2"]
[WhiteElo "2659"]
[BlackElo "2744"]
[Annotator "Rogozenco,D"]
[PlyCount "62"]
[EventDate "2011.06.11"]
[EventType "tourn"]
[EventRounds "10"]
[EventCountry "ROU"]
[EventCategory "21"]
[SourceTitle "CBM 143"]
[Source "ChessBase"]
[SourceDate "2011.07.15"]
[SourceVersion "1"]
[SourceVersionDate "2011.07.15"]
[SourceQuality "1"]

1. e4 e5 2. Nf3 Nc6 3. Bb5 f5 {The Schliemann Gambit is a rare guest on the
top level, but in the last year's Kings' Tournament it already happened in one
of Nisipeanu's games. However, that time the Romanian was on the Black side of
the board, achieving a rather convincing draw against Carlsen. On the other
hand Radjabov has implemented the Schliemann before, so it is very interesting
to watch the game of the specialists in this rare, but sharp opening.} 4. d3 ({
The game Carlsen,M (2813)-Nisipeanu,L (2672) from the Kings' Tournament 2010
went} 4. Nc3 fxe4 5. Nxe4 d5 6. Nxe5 dxe4 7. Nxc6 Qg5 8. Qe2 Nf6 9. f4 Qxf4 10.
Ne5+ c6 11. d4 Qh4+ 12. g3 Qh3 13. Bc4 Be6 14. Bg5 O-O-O 15. O-O-O Bd6 16. Rhf1
Rhe8 17. Bxf6 gxf6 18. Rxf6 Bxe5 19. Rxe6 Rxe6 20. Bxe6+ Qxe6 21. dxe5 Qh6+ 22.
Rd2 Rxd2 23. Qxd2 e3 24. Qe2 Qg5 25. Kd1 Kc7 26. Qd3 Qh5+ 27. Kc1 Qh6 28. Kd1
Qh5+ 29. Ke1 Qxh2 30. Qd6+ Kc8 31. Qf8+ Kc7 32. Qe7+ Kc8 {with a draw.}) 4...
fxe4 5. dxe4 Nf6 6. O-O Bc5 (6... Nxe4 {would be too much. Then} 7. Re1 d5 8.
Nxe5 {and Black is in troubles.}) 7. Qd3 Nd4 {Even this rare continuation has
been played by Radjabov before, so it shouldn't have caught Nisipeanu
unprepared.} ({Much more often Black plays} 7... d6 {though. Here are few
examples from Radjabov's practice:} 8. Qc4 Qe7 9. Nc3 Bd7 10. Nd5 Nxd5 11. exd5
Nd4 12. Bxd7+ ({Or} 12. Nxd4 Bxd4 13. Bxd7+ Qxd7 14. a4 a6 15. Be3 Bxe3 16.
fxe3 O-O-O 17. Rf2 Rdf8 {in 2008 Radjabov achieved two draws with this
position, against Topalov and Carlsen.}) 12... Qxd7 13. Nxe5 Qf5 14. Nd3 O-O-O
15. a4 Rhe8 16. Kh1 g5 17. Be3 Nf3 18. Nxc5 dxc5 19. Rfd1 Re4 20. Qf1 Nd4 21.
Qd3 Qe5 22. Bxg5 Re8 23. Bd2 Rh4 24. h3 Qxd5 25. c4 Qc6 26. Qg3 Nf5 27. Qd3 Nd4
28. Qg3 Nf5 29. Qd3 Nd4 30. Qg3 Nf5 {1/2-1/2 Mamedyarov,S (2752)-Radjabov,T 
(2751)/Baku 2008}) 8. Nxd4 Bxd4 9. Nd2 a6 10. Ba4 {On c4 the bishop looks more
active, but on the other hand it allows Black the plan with queenside castling.
From a4 the bishop prevents d7-d6.} (10. Bc4 Qe7 11. Nf3 Ba7 12. Nh4 d6 13. Bg5
Be6 14. Nf5 Bxf5 15. exf5 O-O-O 16. Be6+ Kb8 17. c4 h6 18. Be3 Bxe3 19. fxe3
Nh7 20. Rad1 Ng5 21. Bd5 c6 22. Be4 Rd7 {was perfectly playable for Black in
Svidler,P (2746)-Radjabov,T (2751)/Baku 2008. The game also ended in a draw on
move 41.}) 10... Qe7 11. Nf3 Bb6 12. Bg5 O-O 13. Bxf6 ({After} 13. Bb3+ Kh8 14.
Nh4 {Black prevents 15.Nf5 with} d6) 13... gxf6 {Only this is a new move.} (
13... Qxf6 14. Qd5+ Kh8 15. Qxe5 Qxe5 16. Nxe5 Bd4 17. Nxd7 Bxd7 18. Bxd7 {
left Black with a difficult fight for a draw in Collins,S (2436)-Jones,G (2575)
/Kilkenny 2010.}) 14. Nh4 d6 15. Kh1 Kh8 16. f4 Bg4 {Black would be happy to
provoke the advance h2-h3, so that later White won't have this square for his
queen or rook.} 17. c3 (17. h3 Be6 18. Bb3 Rad8 ({or even} 18... Bd7) 19. Rad1
c6 {leads to a position with chances for both sides.}) 17... Rad8 18. Bb3 c6
19. Qg3 Qg7 (19... Bc8 20. f5 Qg7 21. Qh3 {leaves White with attacking
prospects.}) 20. fxe5 {An important moment.} fxe5 ({Black could fight for an
advantage with} 20... dxe5 21. h3 Be2 22. Qxg7+ Kxg7 23. Rfe1 Rd2 24. Nf5+ Kg6
25. Ng3 Bd3 26. Rad1 Rxd1 27. Rxd1 Rd8 28. Be6 {and here the strong} Kg5 {
allows Black to activate the king. White's task to keep the balance is far
from simple. For instance after} 29. Bc8 Rxc8 30. Rxd3 Rd8 31. Rxd8 Bxd8 32.
Ne2 f5 33. exf5 Kxf5 34. Kg1 Ke4 {the black king decisively penetrates into
White's camp.}) 21. h3 Bc8 22. Qxg7+ Kxg7 23. g4 {White prepares the check on
f5 and after the exchange of the minor pieces on that square, the
opposite-coloured bishops will lead to a drawish endgame.} Be3 24. Nf5+ Bxf5
25. Rxf5 Rxf5 26. gxf5 d5 27. Rd1 d4 28. cxd4 Bxd4 29. Be6 Kf6 30. Kg2 Re8 ({Or
} 30... b5 31. b3 c5 32. Kf3 $11) 31. b3 Re7 1/2-1/2

[Event "Bazna Kings 5th"]
[Site "Medias"]
[Date "2011.06.15"]
[Round "5"]
[White "Radjabov, Teimour"]
[Black "Nakamura, Hikaru"]
[Result "1/2-1/2"]
[WhiteElo "2744"]
[BlackElo "2774"]
[Annotator "Rogozenco,D"]
[PlyCount "62"]
[EventDate "2011.06.11"]
[EventType "tourn"]
[EventRounds "10"]
[EventCountry "ROU"]
[EventCategory "21"]
[SourceTitle "CBM 143"]
[Source "ChessBase"]
[SourceDate "2011.07.15"]
[SourceVersion "1"]
[SourceVersionDate "2011.07.15"]
[SourceQuality "1"]

1. e4 c5 2. Nf3 d6 3. d4 cxd4 4. Nxd4 Nf6 5. Nc3 a6 {The Sicilian Najdorf is
extremely complex and it often leads to very sharp positions. The present game
is just another proof of this.} 6. Bg5 Nbd7 ({The main move is} 6... e6) 7. f4
e5 8. Nf5 Qb6 9. Qd2 Qxb2 10. Rb1 Qa3 11. Be2 {As a compensation for the
sacrificed pawn White has an obvious lead in development and very active
pieces. Black must continue to play very sharply in order to justify his risky
opening plan.} h6 12. Bh4 exf4 13. O-O {A new move in this wild position. As
Radjabov put it after the game: "These days you can't remember all the
variations. It is important to know the general ideas". Indeed, the
Azerbaijani GM managed very well to cope with Nakamura's outstanding opening
preparation.} ({In the only game played so far (Ganguly,S (2651)-Spoelman,W 
(2547)/Wijk aan Zee 2011) White was successful with} 13. Bf2 Nc5 14. O-O Bxf5
15. exf5 Be7 16. Bd4 O-O 17. Rf3 {but there are certainly many ways to improve
for Black.}) 13... g6 ({After} 13... g5 14. Bf2 {White's compensation for the
two sacrificed pawns is enormous. The immediate threat is 15.Rb3 followed by
16.Nxd6.}) 14. Rxf4 $1 {White must play actively and the piece sacrifice is a
logical follow-up to the previous play.} g5 (14... gxf5 15. Rxf5 {is bad,
since White is not only threatening to recapture the knight on f6, but also to
catch the queen with 16.Rb3:}) 15. Rb3 Qa5 16. Nxd6+ Bxd6 17. Qxd6 gxf4 (17...
gxh4 18. Rxf6 {is hardly an option for Black.}) 18. Ra3 ({After} 18. Bxf6 Nxf6
19. Qxf6 Rg8 {the position remains double-edged. The important point is that}
20. Nd5 {is answered by} Qe1+ 21. Bf1 Rxg2+ $1 22. Kxg2 Qxe4+ 23. Kf2 Qxd5 {
and Black is better:}) 18... Qb6+ 19. Qxb6 Nxb6 20. Bxf6 Rg8 21. Rb3 Nd7 22.
Nd5 Rg6 23. Bd4 {Until this moment Nakamura had played all the moves extremely
quickly, spending less than 10 minutes altogether and openly showing that this
was his home preparation. Only now for the first time did the American stop
blitzing out moves and took about 15 minutes before continuing.} ({After the
game Nakamura revealed that his opening preparation went as far as this:} 23.
Nc7+ Kf8 24. Bb2 Ra7 25. Ba3+ Kg7 26. Ne8+ Kh7 27. Nd6 Ra8 28. Bh5 Rg7 29. Bxf7
Ne5 30. Bd5 f3 31. g3 Bh3 32. Bb2 Rf8 33. Nf5 Re7 34. Bg8+ Kh8 35. Bd5 Kh7 {
with repetition and a draw. All these moves are the best for both sides! There
is little to comment on that... Except maybe that chess has become very deep
these days indeed and that the homework in opening preparation fully pays off.}
) 23... Rc6 24. c4 b5 25. cxb5 ({Radjabov thought that} 25. c5 Rb8 26. Nxf4 b4
{would favour Black. At least from the practical point of view taking on b5
was certainly a wiser decision: with little time there was no point in
complicating matters.}) 25... axb5 26. Nc3 ({Both players thought that} 26.
Bxb5 Rc1+ 27. Kf2 Rxa2+ 28. Kf3 Kd8 {would favour Black.}) 26... Ba6 27. Kf2 {
Here Nakamura missed the chance to set more serious problems to his opponent.}
Rd6 ({After} 27... Nc5 {White's task would have been more complicated, since
there are many possibilities, but no clear way to achieve equality.}) 28. Rb4
$1 {White is still a clear exchange down, but the strong bishop on d4 together
with weak black pawns provide White sufficient compensation to keep the
balance.} f6 (28... Rc8 {is hardly an improvement:} 29. Nxb5 Bxb5 30. Bxb5 Rc2+
31. Kf3 Rxa2 32. Kxf4 {with the idea} Rxg2 33. e5 Rdg6 34. Ra4 {and White gets
counterplay.}) 29. Kf3 Rc8 (29... Ne5+ 30. Kxf4 Nc6 {would have kept some
practical chances for a win.}) 30. Nxb5 Bxb5 31. Bxb5 Ke7 {After 32.a4 White
has nothing to fear, so the players agreed to a draw. It must be said that
some spectators felt sorry that in the tournament regulations the players are
allowed to agree to a draw after move 30.} 1/2-1/2